Introducción al estudio de la `Oda al Atlántico` de Tomás Morales (Record no. 113016)

MARC details
000 -LEADER
campo de control de longitud fija 00737nam a2200205 4500
001 - NÚMERO DE CONTROL
campo de control 113016
003 - IDENTIFICADOR DE NÚMERO DE CONTROL
campo de control ES-MaACL
005 - FECHA Y HORA DE LA ÚLTIMA TRANSACCIÓN
campo de control 20251012192821.0
007 - CAMPO FIJO DE DESCRIPCIÓN FÍSICA--INFORMACIÓN GENERAL
campo de control de longitud fija t|
008 - DATOS DE LONGITUD FIJA--INFORMACIÓN GENERAL
campo de control de longitud fija 061121s1973 sp r ||||1| spa d
100 0# - ENTRADA PRINCIPAL--NOMBRE DE PERSONA
Nombre de persona Nuez, Sebastián de la.
9 (RLIN) 86128
245 10 - MENCIÓN DEL TÍTULO
Título Introducción al estudio de la `Oda al Atlántico` de Tomás Morales
Resto del título : los manuscritos : génesis y estructuras /
Mención de responsabilidad, etc. Sebastián de la Nuez Caballero.
260 ## - PUBLICACIÓN, DISTRIBUCIÓN, ETC.
Lugar de publicación, distribución, etc. Las Palmas :
Nombre del editor, distribuidor, etc. Cabildo Insular de Gran Canaria,
Fecha de publicación, distribución, etc. 1973.
300 ## - DESCRIPCIÓN FÍSICA
Extensión 183 p. ;
Dimensiones 25 cm.
700 1# - ENTRADA AGREGADA--NOMBRE PERSONAL
Nombre de persona Morales, Tomás,
Fechas asociadas al nombre 1885-1921
9 (RLIN) 83010
710 1# - ENTRADA AGREGADA--NOMBRE DE ENTIDAD CORPORATIVA
Nombre de entidad corporativa o nombre de jurisdicción como elemento de entrada Gran Canaria.
Unidad subordinada Cabildo Insular.
9 (RLIN) 2264
852 ## - LOCALIZACIÓN
Ubicación ES-MaACL
Número de control de estantería E-7497
Sublocalización o colección R.92004
852 ## - LOCALIZACIÓN
Ubicación ES-MaACL
Número de control de estantería E-7501
Sublocalización o colección R.92003
Holdings
Estatus retirado Estado de pérdida Estado de daño No para préstamo Biblioteca de origen Biblioteca actual Ubicación en estantería Fecha de adquisición Fuente de adquisición Total de préstamos Signatura topográfica completa Código de barras Visto por última vez Precio de reemplazo Tipo de ítem Koha
        Biblioteca del Ateneo de Madrid Biblioteca del Ateneo de Madrid Depósito 2 17/01/2008     E-7501 1117885 23/02/2023 23/02/2023 Libro impreso
        Biblioteca del Ateneo de Madrid Biblioteca del Ateneo de Madrid Depósito 2 17/01/2008     E-7497 1117884 23/02/2023 23/02/2023 Libro impreso